Capitali più settentrionali - Morte improvvisa - Statistics

Statistiche generali
  • Questo quiz è stato fatto 288 volte
  • Il punteggio medio è 8 su 15
Answers on the Grid
Answers color-coded by a green-red scale on the quiz's grid according to % correct below.
Reykjavík
Helsinki
Oslo
Tallinn
Stoccolma
Riga
Mosca
Copenaghen
Vilnius
Minsk
Dublino
Berlino
Amsterdam
Varsavia
Londra
Astana
Bruxelles
Kiev
Praga
Lussemburgo
Parigi
Vienna
Bratislava
Ulan Bator
Budapest
Vaduz
Chișinău
Berna
Lubiana
Zagabria
 
Statistiche sulle risposte
Risposta % Corretto
Reykjavík
74%
Oslo
72%
Helsinki
69%
Stoccolma
67%
Tallinn
64%
Copenaghen
60%
Riga
58%
Mosca
57%
Vilnius
50%
Dublino
46%
Londra
44%
Minsk
34%
Amsterdam
31%
Berlino
22%
Varsavia
22%
Nessun quiz corrispondente trovato
Distribuzione punteggi
Percentuale di utenti per punteggio
Percentile per numero di risposta
I tuoi punteggi nel tempo
Non hai fatto questo quiz